000 00360nam a22001217a 4500
999 _c519295
_d519295
082 _aPKP A72 V212/ind
100 _aRavi and Vajiram
_930120
245 _aGeneral studies
_bIndian art and culture
_cby Vajiram and Ravi
260 _aNew Delhi
_bVajiram and Ravi
_c2022
300 _a321p.
650 _aGeneral studies
_930121
650 _aArt - India
_930122